Normal view
MARC view
Entry Personal Name
001 - CONTROL NUMBER
- control field: 248890
003 - CONTROL NUMBER IDENTIFIER
- control field: OSt
005 - DATE AND TIME OF LATEST TRANSACTION
- control field: 20251211161443.0
008 - FIXED-LENGTH DATA ELEMENTS
- fixed length control field: 251211|| aca||aabn | a|a d
040 ## - CATALOGING SOURCE
- Original cataloging agency: OSt
- Transcribing agency: OSt
100 ## - HEADING--PERSONAL NAME
- Personal name: VYASARAYA BALLALA
- Dates associated with a name: ವ್ಯಾಸರಾಯ ಬಲ್ಲಾಳ
670 ## - SOURCE DATA FOUND
- Source citation: Work cat.: (OSt)180158: VYASARAYA BALLALA ವ್ಯಾಸರಾಯ ಬಲ್ಲಾಳ, Hemantagana., 1983